Collins dictionary of law / (Record no. 10877)

MARC details
000 -LEADER
fixed length control field 00352nam a22001337a 4500
008 - FIXED-LENGTH DATA ELEMENTS--GENERAL INFORMATION
fixed length control field 090218t xxu||||| |||| 00| 0 eng d
020 ## - INTERNATIONAL STANDARD BOOK NUMBER
International Standard Book Number 0007221657
082 ## - DEWEY DECIMAL CLASSIFICATION NUMBER
Classification number 349.4103
Item number DEF
245 ## - TITLE STATEMENT
Title Collins dictionary of law /
Statement of responsibility, etc W.J. Stewart.
250 ## - EDITION STATEMENT
Edition statement 3rd ed.
260 ## - PUBLICATION, DISTRIBUTION, ETC. (IMPRINT)
Place of publication, distribution, etc Glasgow :
Name of publisher, distributor, etc Collins,
Date of publication, distribution, etc 2006
300 ## - PHYSICAL DESCRIPTION
Extent 474 p. ;
Dimensions 20 cm.
942 ## - ADDED ENTRY ELEMENTS (KOHA)
Source of classification or shelving scheme Dewey Decimal Classification
Item type Book - Borrowing
Holdings
Withdrawn status Item status Source of classification or shelving scheme Damaged status Not for loan Home library Current library Shelving location Date acquired Cost, normal purchase price Serial Enumeration / chronology Total Checkouts Total Renewals Full call number Barcode Date last seen Date last borrowed Koha item type
    Dewey Decimal Classification     Central Library Central Library First floor 18/02/2009 67.50 6465 5 6 349.4103 DEF 000014880 15/07/2025 04/08/2021 Reference (NB)